Antología mayor de la literatura española

Guardat en:
Dades bibliogràfiques
Autor principal: Díaz-Plaja, Guillermo (Autor)
Format: Llibre
Idioma:espanyol
Publicat: Barcelona Labor 1961
Col·lecció:Thesavrvs litterae: antologías labor de la literatura universal, españa IV
Matèries:
Etiquetes: Afegir etiqueta
Sense etiquetes, Sigues el primer a etiquetar aquest registre!

MARC

LEADER 00000nam a2200000 a 4500
001 UCH6027
003 CL-VaPUC
008 091109e19610000SP |||||||||||||||||spa|d
082 0 4 |a 860  |b DIA  |2 21 
100 0 |a Díaz-Plaja, Guillermo  |e author  |9 376957 
245 1 0 |a Antología mayor de la literatura española 
300 |a 1426 p 
942 |c BK 
945 |d 20091109 00:00:00  |a ccalabra 
260 |a Barcelona  |b Labor  |c 1961 
500 |a Neoclasicismo, romanticismo, realismo: siglos XVIII y XIX 
650 0 |a Literatura  |9 259151 
650 0 |a Literatura española  |9 306261 
650 0 |a Novelas españolas  |9 265052 
650 7 |a HISTORIA DE LA LITERATURA ESPAÑOLA  |2 CL-VaPUC  |9 542417 
650 0 |a Escritores españoles  |9 318145 
650 0 |a Narrativa  |9 336727 
650 0 |a Poesía española  |9 264938 
651 0 |a España  |9 254926 
583 |a last modification  |c 20091109 00:00:00  |k Rodrigo Vera 
490 0 |a Thesavrvs litterae: antologías labor de la literatura universal, españa IV 
999 |c 337007  |d 337005